A dictionary of fish in Indonesia
Tyical fish of 457 species in Indonesia - mainly marine species are picked up. These species are classified into 17 groups for convinience sake.
Enregistré dans:
| Auteur principal: | |
|---|---|
| Format: | Livre |
| Langue: | Undetermined |
| Publié: |
Tokyo
Japan International Cooperation Agency
1977
|
| Sujets: | |
| Tags: |
Ajouter un tag
Pas de tags, Soyez le premier à ajouter un tag!
|
| Thư viện lưu trữ: | Trung tâm Học liệu Trường Đại học Cần Thơ |
|---|
| LEADER | 00692nam a2200205Ia 4500 | ||
|---|---|---|---|
| 001 | CTU_219252 | ||
| 008 | 210402s9999 xx 000 0 und d | ||
| 082 | |a 597.0959803 | ||
| 082 | |b S271 | ||
| 100 | |a Sawada, Toshizo | ||
| 245 | 2 | |a A dictionary of fish in Indonesia | |
| 245 | 0 | |c Tosizo Sawada | |
| 260 | |a Tokyo | ||
| 260 | |b Japan International Cooperation Agency | ||
| 260 | |c 1977 | ||
| 520 | |a Tyical fish of 457 species in Indonesia - mainly marine species are picked up. These species are classified into 17 groups for convinience sake. | ||
| 650 | |a Cá,Fishes | ||
| 650 | |z Indonesia,Indonesia | ||
| 904 | |i Trúc | ||
| 980 | |a Trung tâm Học liệu Trường Đại học Cần Thơ | ||